[Event "Wielkopolska III Liga Juniorow 2016"]
[Site "Gniezno"]
[Date "1899-12-30"]
[Round "1.1"]
[White "Kus, Aleksander"]
[Black "Adamczewski, Maciej"]
[Result "0-1"]
[WhiteTitle "I"]
[BlackTitle "I++"]
[WhiteElo "1873"]
[BlackElo "1949"]

1. e4 e6 2. d4 d5 3. Nd2 a6 4. c3 c5 5. exd5 exd5 6. Ngf3 Nf6 7. Be2 Be7 8. O-O
O-O 9. dxc5 Bxc5 10. Nb3 Bb6 11. Bg5 Nbd7 12. Nbd4 h6 13. Bh4 Re8 14. Qb3 g5 15.
Nxg5 hxg5 16. Bxg5 Bxd4 17. cxd4 Rxe2 18. Qg3 Ne4 19. Bxd8+ Nxg3 20. fxg3 Nf8
21. Rf2 Rxf2 22. Kxf2 Bf5 23. Bb6 Rc8 24. Re1 Be4 25. Re2 Rc6 26. Bd8 Kg7 27.
g4 Ne6 28. Ba5 Nxd4 29. Bc3 Rf6+ 30. Ke1 Nxe2 31. Kxe2 Kg6 32. Bxf6 Kxf6 33. g3
Kg5 34. h3 Bg2 35. h4+ Kxg4 36. Kf2 Be4 37. Ke3 Kxg3 38. Kd4 Kxh4 39. Ke5 f5 40.
Kf4 d4 41. a3 a5 42. b4 axb4 43. axb4 b5 44. Ke5 d3 45. Kd4 d2 46. Kc5 d1=Q 47.
Kxb5 Qd6 48. Ka5 Bd3 49. b5 Qc5 50. Ka4 Qxb5+ 51. Ka3 Bc2 52. Ka2 Qb3+ 53. Ka1
0-1

[Event "Wielkopolska III Liga Juniorow 2016"]
[Site "Gniezno"]
[Date "1899-12-30"]
[Round "1.2"]
[White "Janiszewski, Filip"]
[Black "Szych, Adam"]
[Result "1-0"]
[WhiteTitle "I"]
[BlackTitle "II"]
[WhiteElo "1922"]
[BlackElo "1361"]

1. e4 e5 2. Nf3 Nc6 3. Bb5 a6 4. Ba4 Nf6 5. O-O Be7 6. Re1 b5 7. Bb3 d6 8. c3 O-O
9. h3 Na5 10. Bc2 c5 11. d4 Qc7 12. Nbd2 Nc6 13. d5 Nd8 14. a4 Rb8 15. axb5 axb5
16. b3 Bd7 17. Nf1 Nb7 18. Ng3 Ra8 19. Rb1 Ra6 20. Nh2 h6 21. Ng4 Nxg4 22. hxg4
Bg5 23. Bxg5 hxg5 24. Nf5 g6 25. Ne3 Rfa8 26. g3 Kg7 27. Kg2 Rh8 28. Qd2 f6 29.
Bd3 Rha8 30. Rh1 Ra2 31. Bc2 R8a3 32. Rh2 Ra1 33. Qc1 Qa5 34. Qh1 Be8 35. Rh8
Kf7 36. Qh7# 1-0

[Event "Wielkopolska III Liga Juniorow 2016"]
[Site "Gniezno"]
[Date "1899-12-30"]
[Round "1.3"]
[White "Janicki, Mateusz"]
[Black "Skurniak, Szymon"]
[Result "0-1"]
[WhiteTitle "II"]
[BlackTitle "I"]
[WhiteElo "1406"]
[BlackElo "1630"]

1. e4 c5 2. Nf3 e6 3. d4 cxd4 4. Nxd4 a6 5. Be3 Nf6 6. Nd2 Qc7 7. f3 d5 8. exd5
Nxd5 9. Bf2 e5 10. N4b3 Bf5 11. c3 Nf4 12. Be3 Nd7 13. Bxf4 exf4 14. Nd4 Bg6 15.
Be2 Be7 16. O-O h5 17. Re1 Kf8 18. Bf1 Ne5 19. Ne4 Rd8 20. Qa4 h4 21. h3 Kg8 22.
Kh1 Qc8 23. Nf2 b5 24. Qb3 Rh5 25. Rad1 Bc5 26. Nd3 Bxd3 27. Bxd3 Bxd4 28. cxd4
Nxf3 29. Bh7+ Rxh7 30. Qxf3 g5 31. Re5 f6 32. Rc5 Rc7 33. b4 Kg7 34. Rdc1 Rdd7
35. Qc3 Rxc5 36. dxc5 Qc6 37. Rc2 Qe4 38. Kh2 Rd3 39. Qb2 f3 40. Rc1 Qf4+ 41.
Kg1 Rd2 0-1

[Event "Wielkopolska III Liga Juniorow 2016"]
[Site "Gniezno"]
[Date "1899-12-30"]
[Round "1.4"]
[White "Ochedzan, Tymon"]
[Black "Leopold, Maks"]
[Result "1-0"]
[WhiteTitle "II+"]
[BlackTitle "II"]
[WhiteElo "1589"]
[BlackElo "1206"]

1. e4 e5 2. Nf3 d6 3. d4 Bg4 4. h3 Bxf3 5. gxf3 g6 6. Be3 Bg7 7. d5 Bh6 8. h4 Bxe3
9. fxe3 Nf6 10. Qd2 Nbd7 11. Bh3 Nb6 12. Nc3 Nh5 13. Qf2 Nc4 14. O-O-O c6 15.
Bf1 cxd5 16. Nxd5 Nb6 17. Qd2 O-O 18. Qf2 Nxd5 19. Rxd5 Rc8 20. Bh3 Rc6 21. Rhd1
Nf6 22. R5d3 Qb6 23. Qd2 Rd8 24. Bg2 Rdc8 25. Rxd6 Rxc2+ 26. Qxc2 Qxe3+ 27. Kb1
Rxc2 28. Kxc2 Qf2+ 29. R1d2 Qxh4 30. a4 Kf8 31. a5 Ke7 32. a6 b6 33. Rxb6 Nd7
34. Rb7 Ke8 35. Rbxd7 Qf6 36. Rd8+ Qxd8 37. Rxd8+ Kxd8 38. b4 Kc7 39. b5 Kb6 40.
Bf1 Kc5 41. Kd2 f5 42. f4 exf4 43. exf5 gxf5 44. Ke1 h5 45. Kf2 h4 46. Kg2 f3+
47. Kxf3 h3 48. Kg3 f4+ 49. Kxh3 f3 50. Kg3 f2 51. Kxf2 Kb6 52. Ke3 Kc5 53. Be2
Kb6 54. Kd4 Kc7 55. Kc5 Kc8 56. b6 Kb8 57. bxa7+ Ka8 58. Kb5 Kxa7 59. Bc4 Ka8
60. Kb6 Kb8 61. a7+ Ka8 62. Bd5# 1-0

[Event "Wielkopolska III Liga Juniorow 2016"]
[Site "Gniezno"]
[Date "1899-12-30"]
[Round "1.5"]
[White "Kostecka, Marika"]
[Black "Wawrzyniak, Weronika"]
[Result "1-0"]
[WhiteTitle "I+"]
[BlackTitle "I"]
[WhiteElo "1699"]
[BlackElo "1315"]

1. e4 c5 2. Nf3 e6 3. d4 cxd4 4. Nxd4 a6 5. c4 Qc7 6. Be2 Nf6 7. Qc2 Be7 8. O-O
Qe5 9. Be3 Qxe4 10. Bd3 Qh4 11. Nd2 Ng4 12. N2f3 Nxe3 13. fxe3 Qh6 14. Rae1 Nc6
15. Nxc6 bxc6 16. Ne5 O-O 17. Ng4 Qh4 18. Qd1 f5 19. Ne5 Bf6 20. Nf3 Qh6 21. Qc2
d5 22. cxd5 cxd5 23. Qc6 Bxb2 24. Qxa8 Bd7 25. Qxa6 Qf6 26. Re2 Bc3 27. Qb6 Rc8
28. Bb5 Bxb5 29. Qxb5 Rd8 30. Qb6 Qe7 31. Rc1 Bf6 32. Rc7 Qa3 33. Qxe6+ Kh8 34.
Ne5 Bxe5 35. Qxe5 Rg8 36. Rec2 Qa5 37. Qc3 Qa6 38. Rc8 Qa7 39. Rxg8+ Kxg8 40.
Qc8+ Kf7 41. Rc7+ Qxc7 42. Qxc7+ Kg6 43. a4 Kf6 44. a5 g5 45. a6 f4 46. exf4 gxf4
47. a7 d4 48. a8=R d3 49. Ra6+ Kg5 50. Qc5+ Kg4 51. h3+ Kh4 52. Rh6+ Kg3 53. Qg5#
1-0

[Event "Wielkopolska III Liga Juniorow 2016"]
[Site "Gniezno"]
[Date "1899-12-30"]
[Round "1.6"]
[White "Kubasik, Aleksandra"]
[Black "Grochot, Klara"]
[Result "1-0"]
[WhiteTitle "II"]
[BlackTitle "II"]
[WhiteElo "1153"]
[BlackElo "1027"]

1. e4 e5 2. Nf3 Nc6 3. Bb5 a6 4. Ba4 Nf6 5. O-O Bc5 6. Re1 O-O 7. c3 d6 8. h3 Be6
9. d4 exd4 10. cxd4 Bb4 11. Bd2 Bxd2 12. Qxd2 d5 13. e5 Ne4 14. Qe3 f6 15. Nc3
fxe5 16. Nxe4 exd4 17. Nxd4 Nxd4 18. Qxd4 dxe4 19. Qxe4 Bf5 20. Bb3+ Kh8 21. Qxb7
Qd4 22. Qxc7 Be4 23. Re3 Qxb2 24. Rf1 Rac8 25. Qg3 Bc2 26. Re2 Rfe8 27. Rxe8+
Rxe8 28. Bxc2 Qxc2 29. a3 h6 30. Qd6 Qa4 31. Rd1 Rc8 32. Kh2 Re8 33. Rd3 Qa5 34.
f4 Re2 35. Qf8+ Kh7 36. Rd8 Rd2 37. Qg8+ Kg6 38. Qe6+ Kh7 39. Qe4+ g6 40. Qe7#
1-0

[Event "Wielkopolska III Liga Juniorow 2016"]
[Site "Gniezno"]
[Date "1899-12-30"]
[Round "1.7"]
[White "Stochnialek, Dominika"]
[Black "Walkowski, Milosz"]
[Result "0-1"]
[WhiteTitle "I"]
[BlackTitle "I"]
[WhiteElo "1438"]
[BlackElo "1694"]

1. e4 c6 2. d4 d5 3. exd5 cxd5 4. c4 Nf6 5. Nc3 e6 6. Nf3 Bb4 7. Bd3 Bxc3+ 8. bxc3
O-O 9. Bg5 Nc6 10. O-O b6 11. cxd5 exd5 12. Ne5 Qd6 13. f4 Ne4 14. Rc1 f6 15.
Nxc6 fxg5 16. Ne5 gxf4 17. Qc2 Bb7 18. Kh1 Qh6 19. Rf3 Ng5 20. Rf2 Rac8 21. Bf5
Ne6 22. Qb1 Rc7 23. Bxe6+ Qxe6 24. Rf3 g5 25. Rcf1 Rfc8 26. Qb2 Qf5 27. g3 Qe4
28. Kg1 Ba6 29. R1f2 Qe1+ 30. Kg2 Rxc3 31. Rxc3 Rxc3 32. gxf4 Qe4+ 33. Nf3 Rxf3
34. Rxf3 g4 35. Qa3 gxf3+ 36. Qxf3 Bc4 37. Qxe4 dxe4 38. a3 Kf7 39. Kf2 Ke6 40.
Ke3 Kf5 0-1

[Event "Wielkopolska III Liga Juniorow 2016"]
[Site "Gniezno"]
[Date "1899-12-30"]
[Round "1.8"]
[White "Walkowski, Jonasz"]
[Black "Wojciechowski, Antoni"]
[Result "1-0"]
[WhiteTitle "II"]
[BlackTitle "II+"]
[WhiteElo "1497"]
[BlackElo "1514"]

1. Nf3 Nf6 2. e3 g6 3. b3 Bg7 4. Bb2 O-O 5. d4 d6 6. c4 Nbd7 7. Nbd2 a5 8. a3 Ne8
9. Qc2 f5 10. O-O-O c5 11. Ng5 Nc7 12. f4 h6 13. Ngf3 e6 14. g3 Qe7 15. Bd3 d5
16. h4 h5 17. Rhe1 dxc4 18. Bxc4 b5 19. Bf1 Bb7 20. Kb1 Rfc8 21. Ng5 a4 22. dxc5
Nxc5 23. Bxg7 Kxg7 24. b4 Nd7 25. Qb2+ Qf6 26. Ndf3 Qxb2+ 27. Kxb2 Bd5 28. Nd4
Rab8 29. Ndxe6+ Bxe6 30. Nxe6+ Nxe6 31. Rxd7+ Kf6 32. Rd5 Nc7 33. Rc5 Ke7 34.
Rec1 Kd7 35. Bg2 Ne6 36. Bc6+ Kd6 37. Rxb5 Rxb5 38. Bxb5 Rxc1 39. Kxc1 Nc7 40.
Bxa4 Nd5 41. Kd2 1-0

[Event "Wielkopolska III Liga Juniorow 2016"]
[Site "Gniezno"]
[Date "1899-12-30"]
[Round "1.9"]
[White "Poltorak, Sebastian"]
[Black "Lorenz, Rafal"]
[Result "1-0"]
[WhiteTitle "II+"]
[BlackTitle "II"]
[WhiteElo "1693"]
[BlackElo "1266"]

1. d4 d5 2. c4 e6 3. Nc3 Nf6 4. cxd5 exd5 5. Bg5 Nbd7 6. e3 Be7 7. Bd3 O-O 8. Qc2
c6 9. Nge2 h6 10. Bh4 Re8 11. O-O Qc7 12. Nb5 Qb6 13. Nbc3 a6 14. a3 Qc7 15. Bg3
Bd6 16. Bxd6 Qxd6 17. b4 Nb6 18. Ng3 Bd7 19. Rfe1 Rad8 20. f3 Be6 21. Rad1 Qc7
22. Qf2 Rd7 23. Rc1 Qb8 24. a4 Red8 25. a5 Na8 26. Na4 Re7 27. Nc5 Nc7 28. Rcd1
Nd7 29. Nxe6 Nxe6 30. Rf1 Nf6 31. Nf5 Red7 32. Qh4 Ne8 33. f4 Nd6 34. Nxh6+ Kf8
35. Ng4 Ne4 36. Bxe4 dxe4 37. f5 Nc7 38. f6 gxf6 39. Qh8+ Ke7 40. Qxf6+ Ke8 41.
Ne5 Nd5 42. Qh8+ Ke7 43. Rxf7+ Ke6 44. Qh6+ Nf6 45. Qxf6+ Kd5 46. Rc1 Qd6 47.
Rc5+ Qxc5 48. bxc5 b5 49. Rxd7+ Rxd7 50. Qg6 Re7 1-0

[Event "Wielkopolska III Liga Juniorow 2016"]
[Site "Gniezno"]
[Date "1899-12-30"]
[Round "1.11"]
[White "Andrzejewska, Maja"]
[Black "Janiszewska, Karolina"]
[Result "1-0"]
[WhiteTitle "II"]
[BlackTitle "III"]
[WhiteElo "1295"]
[BlackElo "1006"]

1. e4 e5 2. Nf3 Nc6 3. d4 d6 4. dxe5 dxe5 5. Qxd8+ Kxd8 6. b3 Nf6 7. Bd3 Bd6 8.
Bb2 Bg4 9. Nbd2 Nb4 10. Nxe5 Bxe5 11. Bxe5 Re8 12. Bxf6+ gxf6 13. f3 Be6 14. a3
Nc6 15. Bc4 a6 16. O-O-O b5 17. Nb1+ Kc8 18. Bd5 Kb7 19. Nc3 Rad8 20. Rd2 Re7
21. Bxc6+ Kxc6 22. Rxd8 f5 23. Re1 f4 24. Nd5 Rd7 25. Rxd7 Kxd7 26. Nxf4 Ke7 27.
Nxe6 fxe6 28. f4 c5 29. g4 h6 30. e5 Kf7 31. f5 exf5 32. gxf5 h5 33. e6+ Ke7 34.
f6+ Kxf6 35. e7 Kg5 36. e8=Q Kg4 37. Qg6+ Kf4 38. Rf1+ Ke5 39. Rf5+ Ke4 40. Qe6+
Kd4 41. Rd5+ Kc3 42. Rd3# 1-0

[Event "Wielkopolska III Liga Juniorow 2016"]
[Site "Gniezno"]
[Date "1899-12-30"]
[Round "1.13"]
[White "Lapot, Arkadiusz"]
[Black "Raczynski, Krzysztof"]
[Result "0-1"]
[WhiteTitle "II"]
[BlackTitle "I++"]
[WhiteElo "1417"]
[BlackElo "2088"]

1. f4 d5 2. Nf3 g6 3. e3 Bg7 4. d4 Nf6 5. Bd3 O-O 6. O-O b6 7. Ne5 c5 8. Qf3 Nbd7
9. Nc3 Bb7 10. f5 Nxe5 11. dxe5 Nd7 12. Nxd5 Nxe5 13. Nf6+ Bxf6 14. Qxb7 Nxd3
15. Rd1 Qc8 16. Qxc8 Rfxc8 17. cxd3 gxf5 18. Rf1 Rd8 19. e4 Rxd3 20. exf5 Rad8
21. Bh6 Bxb2 22. Rae1 Bf6 23. g4 R3d7 24. g5 Bg7 25. Re2 f6 26. Rfe1 Bxh6 27.
gxh6 Kf7 28. Rg2 Rg8 29. Rxg8 Kxg8 30. Re2 Kf7 31. Kf2 Rd5 0-1

[Event "Wielkopolska III Liga Juniorow 2016"]
[Site "Gniezno"]
[Date "1899-12-30"]
[Round "1.14"]
[White "Zurawski, Kamil"]
[Black "Naworski, Adam"]
[Result "1-0"]
[WhiteTitle "I"]
[BlackTitle "II"]
[WhiteElo "1673"]
[BlackElo "1347"]

1. e4 e6 2. d4 d5 3. Nc3 Bb4 4. e5 c5 5. Bd2 Bd7 6. Nb5 Ne7 7. Nd6+ Kf8 8. Bxb4
cxb4 9. Bd3 Nf5 10. Bxf5 exf5 11. Nxb7 Qb6 12. Nd6 Nc6 13. Nf3 h6 14. O-O g5 15.
c3 Ke7 16. Qd3 f4 17. h4 g4 18. Nd2 Rag8 19. Nb3 g3 20. Nf5+ Kd8 21. fxg3 fxg3
22. Rae1 Be6 23. Nc5 Qc7 24. Rf4 h5 25. Nd6 Qe7 26. Nxe6+ fxe6 27. Nf7+ Kc7 28.
Nxh8 Rxh8 29. Ref1 Rh7 30. Qxh7 Qxh7 31. Rf7+ Qxf7 32. Rxf7+ Kb6 33. Rh7 bxc3
34. bxc3 Ka5 35. Rxh5 Kb5 36. Rg5 Kc4 37. Rxg3 a5 38. h5 a4 39. h6 Na7 40. h7
Nb5 41. h8=Q a3 42. Qc8+ Nc7 43. Qxc7+ Kb5 44. Qc5+ Ka6 45. Qb4 Ka7 46. Rg7+ Ka6
47. Qb8 Ka5 48. Ra7# 1-0

[Event "Wielkopolska III Liga Juniorow 2016"]
[Site "Gniezno"]
[Date "1899-12-30"]
[Round "1.17"]
[White "Jasinska, Patrycja"]
[Black "Nawrocka, Edyta"]
[Result "1-0"]
[WhiteTitle "II"]
[BlackTitle "II"]
[WhiteElo "1162"]
[BlackElo "1115"]

1. e4 e5 2. Bc4 Nc6 3. d3 Nf6 4. Nc3 Bc5 5. Nf3 d6 6. Bg5 h6 7. Bh4 g5 8. Bg3 Bg4
9. h3 Bh5 10. Nd5 Nd4 11. c3 Ne6 12. Bh2 g4 13. hxg4 Bxg4 14. Ne3 Bh5 15. Nf5
Qd7 16. Bg3 c6 17. b4 Bb6 18. Bb3 d5 19. exd5 cxd5 20. Bxe5 Bxf3 21. Qxf3 Qd8
22. Bxd5 Nxd5 23. Bxh8 Ndc7 24. O-O-O Nb5 25. Kb2 Qg5 26. Nxh6 O-O-O 27. Bf6 Qg6
28. Bxd8 Nxd8 29. Qf5+ Qxf5 30. Nxf5 Bxf2 31. Rdf1 Bb6 32. Rh8 Kd7 33. a4 Nd6
34. Nxd6 Kxd6 35. a5 Bc7 36. g4 Ke7 37. d4 a6 38. c4 Ne6 39. Kc3 Ng5 40. Rh5 Ne4+
41. Kd3 Nd6 42. c5 Nb5 43. Rhf5 Kd7 44. Rxf7+ Kc8 45. g5 Bd8 46. g6 Nc7 47. g7
Nb5 48. g8=Q Nc7 49. Rxc7+ Kxc7 50. Rf7+ Kc8 51. Qe8 b5 52. Qd7+ Kb8 53. Qb7#
1-0

[Event "Wielkopolska III Liga Juniorow 2016"]
[Site "Gniezno"]
[Date "1899-12-30"]
[Round "1.20"]
[White "Skrzypczak, Edyta"]
[Black "Pabiszczak, Nikodem"]
[Result "1-0"]
[WhiteTitle "II+"]
[BlackTitle "II"]
[WhiteElo "1566"]
[BlackElo "1281"]

1. f4 d5 2. Nf3 Nc6 3. e3 h6 4. Bb5 Bd7 5. b3 Nf6 6. Bb2 e6 7. O-O Be7 8. Bxc6
Bxc6 9. Ne5 Bd6 10. d3 Qe7 11. Nd2 Bd7 12. Ndf3 O-O-O 13. c4 Rhg8 14. d4 Ne4 15.
Nxd7 Qxd7 16. c5 Be7 17. Ne5 Qe8 18. c6 f6 19. cxb7+ Kxb7 20. Nd3 Qb5 21. a4 Qb6
22. Ba3 Bxa3 23. Rxa3 Kc8 24. b4 Rge8 25. a5 Qd6 26. Qa4 Qd7 27. b5 Kb8 28. Nc5
Nxc5 29. dxc5 e5 30. c6 Qd6 31. Rb3 Qc5 32. b6 Kc8 33. bxa7 Qxa7 34. Rfb1 exf4
35. Rb8+ Qxb8 36. Rxb8+ Kxb8 37. Qb5+ Ka8 38. Qb7# 1-0

[Event "Wielkopolska III Liga Juniorow 2016"]
[Site "Gniezno"]
[Date "1899-12-30"]
[Round "1.21"]
[White "Jedras, Adrianna"]
[Black "Rosenfeld, Noe"]
[Result "1-0"]
[WhiteTitle "I"]
[BlackTitle "II"]
[WhiteElo "1277"]
[BlackElo "1273"]

1. e4 c5 2. Nf3 g6 3. d4 cxd4 4. Nxd4 Bg7 5. Be3 Nc6 6. c3 Nf6 7. Bd3 d5 8. Nxc6
bxc6 9. Nd2 Ng4 10. Bc5 d4 11. c4 Qc7 12. h3 Ne5 13. Nb3 Nxd3+ 14. Qxd3 e5 15.
O-O Qd7 16. Rae1 Qe6 17. Na5 Rb8 18. Nb3 Ba6 19. Rc1 h5 20. Bxa7 Rb4 21. Nc5 Bxc4
22. Nxe6 Bxd3 23. Nxg7+ Kf8 24. Bc5+ Kxg7 25. Bxb4 Bxf1 26. Kxf1 Rb8 27. a3 Rc8
28. Ke2 Kf6 29. Bc5 Kg5 30. a4 Kf4 31. Kd3 Rb8 32. b4 g5 33. a5 g4 34. h4 f5 35.
Re1 Re8 36. a6 Ra8 37. a7 Re8 38. exf5 Kxf5 39. Bxd4 1-0

[Event "Wielkopolska III Liga Juniorow 2016"]
[Site "Gniezno"]
[Date "1899-12-30"]
[Round "1.22"]
[White "Kubiak, Aleksandra"]
[Black "Pieczewska, Gabriela"]
[Result "1-0"]
[WhiteTitle "II"]
[BlackTitle "II"]
[WhiteElo "1267"]
[BlackElo "1160"]

1. e4 e6 2. d4 d5 3. e5 c5 4. Qg4 h5 5. Qg3 Nc6 6. Nf3 Nge7 7. Bd3 c4 8. Be2 Nf5
9. Qf4 g6 10. c3 Bh6 11. Ng5 b6 12. O-O Bb7 13. Na3 Qd7 14. Bd1 O-O-O 15. Bc2
Qe7 16. Bxf5 gxf5 17. Qh4 Rdg8 18. f4 Rg6 19. Qxh5 Bg7 20. Qe2 f6 21. exf6 Bxf6
22. Qxe6+ Qxe6 23. Nxe6 Rhg8 24. Ng5 Nd8 25. g3 R6g7 26. Re1 Bxg5 27. fxg5 Rh8
28. Nb5 Nf7 29. h4 Kb8 30. Bf4+ Kc8 31. Re7 a6 32. Na7+ Kd8 33. Rxb7 Rhh7 34.
Nc6+ Kc8 35. Rc7# 1-0

[Event "Wielkopolska III Liga Juniorow 2016"]
[Site "Gniezno"]
[Date "1899-12-30"]
[Round "1.23"]
[White "Kopacka, Natalia"]
[Black "Waszkowiak, Kinga"]
[Result "0-1"]
[WhiteTitle "II+"]
[BlackTitle "III"]
[WhiteElo "1221"]
[BlackElo "1022"]

1. e4 a6 2. Nf3 b5 3. a3 Bb7 4. Nc3 Nf6 5. d3 e6 6. e5 Nd5 7. Nxd5 Bxd5 8. d4 Be7
9. Bd3 Bb7 10. Qe2 c5 11. c3 Nc6 12. Qe3 Qb6 13. O-O Rc8 14. Be4 cxd4 15. cxd4
Na5 16. b3 Bxe4 17. Qxe4 Nxb3 18. Rb1 Nxc1 19. Rfxc1 O-O 20. Rxc8 Rxc8 21. h3
h6 22. Qe3 Qa5 23. Rc1 Rxc1+ 24. Qxc1 Qxa3 25. Qc8+ Bf8 26. Qxd7 Qa2 27. g4 b4
28. g5 Qd5 29. Qxd5 exd5 30. Nd2 a5 31. Kf1 a4 32. Ke1 hxg5 33. Kd1 Be7 34. Kc2
Kf8 35. Nf1 Ke8 36. Ne3 Kd7 37. Nxd5 Ke6 38. Ne3 f6 39. Ng4 Kd5 40. exf6 Bxf6
41. Ne3+ Kxd4 42. Kb2 Kd3+ 43. Kb1 Kc3 44. Nd1+ Kd2 45. Ne3 Kc3 46. Nd1+ Kb3 47.
Ne3 a3 48. Nc2 a2+ 49. Kc1 a1=Q+ 50. Nxa1+ Bxa1 0-1

[Event "Wielkopolska III Liga Juniorow 2016"]
[Site "Gniezno"]
[Date "1899-12-30"]
[Round "1.25"]
[White "Golinski, Kacper"]
[Black "Ciesinska, Weronika"]
[Result "0-1"]
[WhiteTitle "II"]
[BlackTitle "I"]
[WhiteElo "1481"]
[BlackElo "1697"]

1. Nf3 g6 2. e4 c5 3. d4 cxd4 4. Nxd4 Bg7 5. Nc3 d6 6. Be3 Nf6 7. Be2 O-O 8. O-O
Nc6 9. h3 Bd7 10. Qd2 Rc8 11. f4 Na5 12. g4 Nc4 13. Qc1 Nxe3 14. Qxe3 Qb6 15.
Rf3 Nxg4 16. Qd3 Bxd4+ 17. Kg2 Bxc3 18. bxc3 Nf6 19. Rg3 Rc5 20. c4 Qb2 21. Rg1
b5 22. f5 bxc4 23. Qe3 Nxe4 24. Qxe4 Bc6 25. Qxc6 Rxc6 26. fxg6 fxg6 27. h4 Qd4
28. h5 Rf2+ 29. Kh1 Qh4+ 0-1

[Event "Wielkopolska III Liga Juniorow 2016"]
[Site "Gniezno"]
[Date "1899-12-30"]
[Round "1.26"]
[White "Kaluzny, Stanislaw"]
[Black "Markiewicz, Krzysztof"]
[Result "0-1"]
[WhiteTitle "II"]
[BlackTitle "II"]
[WhiteElo "1335"]
[BlackElo "1355"]

1. e4 c5 2. Nf3 d6 3. d4 cxd4 4. Nxd4 Nf6 5. Nc3 g6 6. Be2 Bg7 7. Be3 O-O 8. O-O
Nc6 9. h3 Bd7 10. Qd2 Nxd4 11. Bxd4 Bc6 12. Bd3 Qc7 13. f4 Nd7 14. Bxg7 Kxg7 15.
Kh1 Nc5 16. f5 Nxd3 17. Qxd3 Qb6 18. a3 a6 19. f6+ exf6 20. Qxd6 f5 21. exf5 Bxg2+
22. Kxg2 Qxd6 23. fxg6 fxg6 24. Rfd1 Qc6+ 25. Kg1 Qc5+ 26. Kh1 Rf2 27. Ne4 Qc6
28. Kg1 Qxe4 29. Kxf2 Rf8+ 30. Kg3 Qe3+ 31. Kh2 Rf2+ 32. Kh1 Qxh3+ 33. Kg1 Qg2#
0-1

[Event "Wielkopolska III Liga Juniorow 2016"]
[Site "Gniezno"]
[Date "1899-12-30"]
[Round "1.27"]
[White "Matloka, Milosz"]
[Black "Lewandowski, Witold"]
[Result "0-1"]
[WhiteTitle "II"]
[BlackTitle "II"]
[WhiteElo "1355"]
[BlackElo "1416"]

1. e4 c5 2. Nf3 g6 3. d4 cxd4 4. Nxd4 Nc6 5. Nc3 Bg7 6. Be3 Nf6 7. f3 O-O 8. Qd2
d5 9. Nxc6 bxc6 10. O-O-O Be6 11. Qf2 Qc7 12. Be2 Qb7 13. Bd4 Rfc8 14. Na4 Nd7
15. Bxg7 Kxg7 16. Qd4+ Kg8 17. Nc5 Nxc5 18. Qxc5 Rab8 19. Qa3 Qb4 20. Qxb4 Rxb4
21. a3 Rb6 22. exd5 cxd5 23. Rd4 Rcb8 24. b3 Rc8 25. Bd3 Rxb3 26. Ra4 Rxd3 27.
Rxa7 Rdc3 28. Kb1 Rxc2 29. Rxe7 Bf5 30. Ka1 Rxg2 31. a4 Rcc2 32. Kb1 Rce2+ 33.
Kc1 Rxe7 34. Kd1 Rb7 35. a5 Rb1# 0-1

[Event "Wielkopolska III Liga Juniorow 2016"]
[Site "Gniezno"]
[Date "1899-12-30"]
[Round "1.28"]
[White "Lazniewski, Tadeusz"]
[Black "Matuszewski, Bartosz"]
[Result "0-1"]
[WhiteTitle "II"]
[BlackTitle "II"]
[WhiteElo "1186"]
[BlackElo "1242"]

1. e4 c5 2. c3 e6 3. Nf3 Ne7 4. d4 cxd4 5. cxd4 d5 6. Nc3 dxe4 7. Nxe4 Nd5 8. a3
Be7 9. Bb5+ Bd7 10. Bxd7+ Nxd7 11. O-O O-O 12. Qd3 h6 13. Bd2 N7f6 14. Nc3 Rc8
15. Rac1 a6 16. h3 b5 17. Nxd5 Nxd5 18. Rxc8 Qxc8 19. Rc1 Qb7 20. b4 Bf6 21. Ne5
Bxe5 22. dxe5 Rc8 23. Rxc8+ Qxc8 24. Qb1 Qc4 25. Qc1 Nb6 26. Be3 Kf8 27. Bc5+
Kg8 28. Be3 Kf8 29. Bc5+ Ke8 30. Qb1 Nd5 31. Qh7 Qc1+ 32. Kh2 Qf4+ 33. Kg1 Qxe5
34. Qg8+ Kd7 35. Qxf7+ Kc6 36. Qe8+ Kb7 37. Qd7+ Nc7 38. Bd6 Qc3 39. Bxc7 Qc1+
40. Kh2 Qxc7+ 41. Qxc7+ Kxc7 42. Kg3 Kd6 43. Kf4 Kd5 44. h4 g6 45. g4 e5+ 46.
Ke3 e4 47. Kd2 Kd4 48. g5 hxg5 49. hxg5 e3+ 50. fxe3+ Ke4 51. Ke2 Kf5 52. Kd3
Kxg5 53. Kd4 Kf6 54. e4 Ke6 55. e5 g5 56. Ke4 g4 57. Kf4 g3 58. Kxg3 Kxe5 59.
Kf3 Kd4 60. Ke2 Kc3 61. Ke3 Kb3 62. Kd4 Kxa3 63. Kc3 Ka4 64. Kd4 Kxb4 65. Kd3
Kb3 66. Kd2 Kb2 67. Kd1 a5 68. Kd2 a4 69. Kd3 a3 70. Kd4 a2 71. Kc5 a1=Q 72. Kxb5
Qc1 73. Ka5 Kb3 74. Ka6 Kb4 75. Ka7 Kb5 76. Ka8 Kb6 77. Kb8 Qc7+ 78. Ka8 Qd8#
0-1

[Event "Wielkopolska III Liga Juniorow 2016"]
[Site "Gniezno"]
[Date "1899-12-30"]
[Round "1.29"]
[White "Dixa, Joanna"]
[Black "Walkowiak, Bogumila"]
[Result "1-0"]
[WhiteTitle "II"]
[BlackTitle "II"]
[WhiteElo "1234"]
[BlackElo "1337"]

1. e4 e5 2. Nf3 Nc6 3. d4 exd4 4. Nxd4 Bc5 5. Be3 Bb6 6. c3 d6 7. Na3 Nf6 8. f3
Ne5 9. Nac2 c6 10. Qd2 d5 11. exd5 Nxd5 12. Bf2 O-O 13. Be2 Qf6 14. O-O Bf5 15.
Nxf5 Bxf2+ 16. Rxf2 Qxf5 17. Nd4 Qg6 18. Rd1 Rfe8 19. Bd3 Nxd3 20. Qxd3 Qxd3 21.
Rxd3 Re1+ 22. Rf1 Rae8 23. Rxe1 Rxe1+ 24. Kf2 Re8 25. Nf5 Kf8 26. Ne3 Nxe3 27.
Rxe3 Rxe3 28. Kxe3 Ke7 29. Ke4 Ke6 30. b4 b5 31. Kd4 Kd6 32. g3 f6 33. h4 h5 34.
f4 g6 35. a3 a6 36. c4 bxc4 37. Kxc4 f5 38. Kd4 Kc7 39. Kc5 Kb7 40. a4 Kc7 41.
a5 Kb7 42. Kd6 1-0

[Event "Wielkopolska III Liga Juniorow 2016"]
[Site "Gniezno"]
[Date "1899-12-30"]
[Round "2.1"]
[White "Adamczewski, Maciej"]
[Black "Ciesinska, Weronika"]
[Result "0-1"]
[WhiteTitle "I++"]
[BlackTitle "I"]
[WhiteElo "1949"]
[BlackElo "1697"]

1. d4 g6 2. c4 Bg7 3. Nc3 Nf6 4. g3 O-O 5. Bg2 d6 6. Nf3 c6 7. O-O Nbd7 8. h3 Re8
9. e4 e5 10. Rb1 exd4 11. Nxd4 Nc5 12. Re1 a5 13. b3 Nfd7 14. Rb2 Ne6 15. Be3
Ndc5 16. Rd2 Qc7 17. Nde2 Rd8 18. f4 b6 19. Nd4 Bb7 20. Nce2 Rd7 21. Nxe6 Nxe6
22. Nd4 Rad8 23. Nxe6 fxe6 24. Qc2 c5 25. Red1 Bc6 26. h4 Qb7 27. h5 Kf7 28. hxg6+
hxg6 29. f5 exf5 30. exf5 Bxg2 31. fxg6+ Kg8 32. Rxg2 Re8 33. Bg5 Qf3 34. Bh4
Bd4+ 35. Kh2 Kg7 36. Rxd4 cxd4 37. Rf2 Qe4 38. Qd1 Re6 39. Qh5 Qxg6 40. Qd5 Qg4
41. Qc6 Rf7 42. Rg2 Re2 43. Qd5 Rxg2+ 44. Kxg2 Qe2+ 45. Kh3 Qf1+ 46. Kg4 Qe2+
47. Kh3 Qe5 48. Qc6 Qf5+ 49. Kh2 Qf2+ 50. Qg2 d3 51. Bg5 Kg6 52. Qxf2 Rxf2+ 0-1

[Event "Wielkopolska III Liga Juniorow 2016"]
[Site "Gniezno"]
[Date "1899-12-30"]
[Round "2.2"]
[White "Kaluzny, Stanislaw"]
[Black "Janiszewski, Filip"]
[Result "0-1"]
[WhiteTitle "II"]
[BlackTitle "I"]
[WhiteElo "1335"]
[BlackElo "1922"]

1. e4 c5 2. Nf3 d6 3. d4 cxd4 4. Nxd4 Nf6 5. Nc3 a6 6. Be2 e6 7. Be3 Qc7 8. O-O
Nc6 9. h3 Be7 10. Qd2 Bd7 11. a3 O-O 12. Rad1 Rfd8 13. f4 Be8 14. b4 Rac8 15.
Qe1 Nxd4 16. Bxd4 e5 17. fxe5 dxe5 18. Bc5 Bxc5+ 19. bxc5 Qxc5+ 20. Kh1 Rxd1 21.
Nxd1 Qxc2 22. Bf3 Rd8 23. Qg3 Bb5 24. Re1 Qc5 25. Bg4 Rd3 26. Re3 Qxa3 27. Be2
Rxe3 28. Nxe3 Bxe2 29. Nf5 Qxg3 0-1

[Event "Wielkopolska III Liga Juniorow 2016"]
[Site "Gniezno"]
[Date "1899-12-30"]
[Round "2.3"]
[White "Skurniak, Szymon"]
[Black "Lewandowski, Witold"]
[Result "1-0"]
[WhiteTitle "I"]
[BlackTitle "II"]
[WhiteElo "1630"]
[BlackElo "1416"]

1. e4 c5 2. Nf3 g6 3. d4 cxd4 4. Nxd4 Nc6 5. Be3 Bg7 6. c4 Nf6 7. Nc3 d6 8. f3
O-O 9. Be2 Be6 10. O-O a6 11. Qd2 Bd7 12. Rab1 Nxd4 13. Bxd4 Be6 14. Nd5 Bxd5
15. cxd5 b5 16. Rfc1 Rc8 17. b4 Qd7 18. a4 Qb7 19. axb5 axb5 20. Qd3 Rxc1+ 21.
Rxc1 Rb8 22. Rc6 Nd7 23. Bxg7 Kxg7 24. Qc3+ Kg8 25. Rc7 Qb6+ 26. Kf1 Rb7 27. Rc8+
Nf8 28. Rxf8+ Kxf8 29. Qh8# 1-0